Loading...
Encyclopaedia of Indian cinema
| Main Author: | |
|---|---|
| Other Authors: | |
| Format: | Printed Book |
| Published: |
Oxford
Uty. Press
1999
|
| Edition: | New revised ed. |
| Subjects: |
| LEADER | 00494cam a2200157ua 4500 | ||
|---|---|---|---|
| 082 | |a 791.430 954 03 |b RAJ/E | ||
| 100 | |a Rajadhyaksha, Ashish | ||
| 245 | 1 | 0 | |a Encyclopaedia of Indian cinema |
| 250 | |a New revised ed. | ||
| 260 | |a Oxford |b Uty. Press |c 1999 | ||
| 300 | |a 658p. | ||
| 650 | 0 | |a Indian cinema | |
| 700 | 0 | 2 | |a Willeman, Paul |
| 942 | |c REF | ||
| 999 | |c 1694 |d 1694 | ||
| 952 | |0 0 |1 0 |4 0 |6 791_430000000000000_954_03_RAJ |7 0 |9 1760 |a KUCL |b KUCL |d 2014-05-23 |l 0 |o 791.430 954 03 RAJ/E |p 04816 |r 2017-03-09 |y REF | ||